| 000 | 01387cam a22003494a 4500 | ||
|---|---|---|---|
| 001 | 14441955 | ||
| 003 | OSt | ||
| 005 | 20140310184451.0 | ||
| 008 | 060707s2006 nyua j 000 0 eng | ||
| 010 | _a 2006046686 | ||
| 020 | _a9780761143697 (alk. paper) | ||
| 020 | _a0761143696 (alk. paper) | ||
| 040 |
_aDLC _cDLC _dDLC |
||
| 043 | _an-us--- | ||
| 050 | 0 | 0 |
_aPE 1145.2 _b.Ed24 2006 |
| 100 | 1 |
_aTrinkle, Barrie. _92283 |
|
| 245 | 1 | 0 |
_aHow to spell like a champ / _cBarrie Trinkle, Carolyn Andrews, and Paige Kimble. |
| 260 |
_aNew York, N.Y. : _bWorkman Publishing, _c2006. |
||
| 300 |
_a221 p. : _bill. ; _c23 cm. |
||
| 521 | _aG12 | ||
| 526 | _c1140 | ||
| 650 | 0 |
_aEnglish language _xOrthography and spelling _vJuvenile literature. _92284 |
|
| 650 | 0 |
_aSpelling bees _zUnited States _vJuvenile literature. _92285 |
|
| 700 | 1 |
_aAndrews, Carolyn _q(Carolyn A.) _92286 |
|
| 700 | 1 |
_aKimble, Paige. _92287 |
|
| 856 | 4 | 2 |
_3Publisher description _uhttp://www.loc.gov/catdir/enhancements/fy0668/2006046686-d.html |
| 856 | 4 | 1 |
_3Table of contents only _uhttp://www.loc.gov/catdir/enhancements/fy0714/2006046686-t.html |
| 906 |
_a7 _bcbc _corignew _d1 _eocip _f20 _gy-gencatlg |
||
| 942 |
_2lcc _cBK-SCHOLAS |
||
| 999 |
_c34593 _d34593 |
||